Statistics for Premier League Winners

Click here to take the quiz!

General Stats

  • This quiz has been taken 43 times
  • The average score is 29 of 30

Answer Stats

Answer% Correct
21/22Manchester City
100%
18/19Manchester City
100%
17/18Manchester City
100%
13/14Manchester City
100%
11/12Manchester City
100%
20/21Manchester City
100%
97/98Arsenal
97%
01/02Arsenal
97%
03/04Arsenal
97%
05/06Chelsea
97%
16/17Chelsea
97%
14/15Chelsea
97%
09/10Chelsea
97%
04/05Chelsea
97%
19/20Liverpool
97%
02/03Manchester United
97%
06/07Manchester United
97%
07/08Manchester United
97%
08/09Manchester United
97%
10/11Manchester United
97%
12/13Manchester United
97%
15/16Leicester City
94%
00/01Manchester United
94%
99/00Manchester United
94%
98/99Manchester United
94%
96/97Manchester United
94%
95/96Manchester United
94%
93/94Manchester United
94%
92/93Manchester United
94%
94/95Blackburn Rovers
66%

Score Distribution

Percentile by Number Answered

Percent of People with Each Score

Your Score History

You have not taken this quiz